000 00341nam a2200133Ia 4500
008 240624s9999 xx 000 0 und d
041 _aeng
082 _a658.3 RIC
100 _aRICKARD CAT
245 _aGOING GLOBAL MANAGING THE HR FUNCTION AC
260 _c2019
_aNew Delhi
_bRoutledge
300 _aix, 108 p.; 23 cm.
365 _cRS
_b31
999 _c32001
_d32001